000
00308nam a22001217a 4500
020
_a
0-7064-0720-2
082
_a
745.4 WOM'H
100
_a
HAYES, BABETTE
_9
75992
245
_a
WOMAN'S DAY ALL COLOUR BOOK OF HOME DECORATING AND DESIGN
260
_a
AUSTRALIA
_b
OCTOPUS
_c
1977
300
_a
157P
942
_c
BK
999
_c
581395
_d
581395